000 01217nam a2200337 a 4500
001 26460
003 CO-ViMGA
008 141112s2004 ck r 000 u spa d
020 _a9788490240724
040 _aCO-ViMGA
_bspa
_cCO-ViMGA
041 _aSPA
090 _aH SHA8
100 1 _aShanower, Erich, 1963 -
_941254
245 1 0 _aEl maravilloso mundo de Oz /
_cguión Erich Shanower ; dibujos Skottie Young ; color Jean - Franþois Beaulieu ; traducción Santiago García
250 _a1a ed.
260 _aGirona :
_bPanini,
_c2014
300 _a208 p. : il. col.
500 _aAdaptación de la novela de L. Frank Baum
650 1 4 _aADAPTACIONES LITERARIAS
_941255
650 1 4 _aAUTORES ESTADOUNIDENSES
_9718
650 1 4 _aDESDE LOS 15 AÑOS
_91079
650 1 4 _aLITERATURA ESTADOUNIDENSE - SIGLO XXI
_941256
650 1 4 _aMAGIA - NOVELA GRAFICA
_941257
650 1 4 _aMUNDOS FANTASTICOS - NOVELA GRAFICA
_941258
650 1 4 _aPERSONAJES FANTASTICOS - NOVELA GRAFICA
_941259
700 1 _aBaum, Lyman Frank
_941260
700 1 _aBaum, Lyman Frank, 1856 - 1919
_941261
700 1 _aGarcía, Santiago
_941262
700 1 _aYoung, Skottie Beaulieu, Jean - Franþois
_941263
942 _2ddc
_cBK
999 _c2424
_d2424